• 首页
  • 本馆介绍
  • 公告通知
  • 最新文献
  • 馆藏检索
  • 电子资源
  • 读者导购
  • 参考咨询
  • 我的图书馆
  • 登录
  • 详细信息显示
  • 放入我的书架
  • 预约/预借图书
  • 作者相关作品
  • 分类相关作品
  • 丛书相关作品
  • 出版社相关作品

书目信息

  • 表格格式
  • 工作单格式
  • 卡片格式
题名:
河北省普通高中毕业会考学科说明
    
 
作者: ;河北省普通中等教育考试服务中心 编
分册: 下册   1998级高三年级适用
出版信息: 石家庄   河北人民出版社  1999
页数: 191页
开本: 26cm
丛书名:
单 册:
中图分类: G632.479
科图分类:
主题词: 教育--各级
电子资源:
ISBN: 7-202-02479-9
000 00947nam0 2200229 450
001 0652079343
005 20061019143602.51
010    @a7-202-02479-9@dCNY12.00
100    @a20061019d1999 km y0chiy0120 ea
101 0  @achi
102    @aCN@b130000
200 1  @a河北省普通高中毕业会考学科说明@Ahe bei sheng pu tong gao zhong bi ye hui kao xue ke shuo ming@h下册@i1998级高三年级适用@i政治 英语@f河北省普通中等教育考试服务中心编@Fhe bei sheng pu tong zhong deng jiao yu kao shi fu wu zhong xin bian
210    @a石家庄@c河北人民出版社@d1999
215    @a191页@d26cm
300    @a经河北省教育委员会批准试用
517 1  @a1998级高三年级适用@A1998 ji gao san nian ji shi yong
517 1  @a政治 英语@Azheng zhi ying yu
606 0  @a教育@x各级
690    @aG632.479@v3
711  0 @a河北省普通中等教育考试服务中心@Ahe bei sheng pu tong zhong deng jiao yu kao shi fu wu zhong xin@4编
801  0 @aCN@bPFT@c20061019
905    @a10447@dG632.479@e121:2(2)
    
    河北省普通高中毕业会考学科说明.下册.1998级高三年级适用.政治 英语/河北省普通中等教育考试服务中心编.-石家庄:河北人民出版社,1999
    191页;26cm
    经河北省教育委员会批准试用
    
    ISBN 7-202-02479-9:CNY12.00
    
●
相关链接 在E读中查询图书 在五车中查询图书 在当当中查询图书 在豆瓣中查询图书


正题名:河北省普通高中毕业会考学科说明     索取号:G632.479/121:2(2)         预约/预借

序号 登录号 条形码 馆藏地/架位号 状态 备注
1 0504063   205040631   密集书库/ [索取号:G632.479/121:2(2)] 在馆    
唐山师范学院图书馆 欢迎您!
大连网信软件有限公司© 版权所有